000 00363cam a22001217a 4500
008 180718b1973 xxu||||| |||| 00| 0 eng d
082 _aT65mx42 Un3 /73
245 _aLocal government reorganisation in England
_cBy HMSO
260 _aLondon
_bHMSO
_c1973
300 _a74p.
650 _aTransfer (Law) -- Great Britain
650 _aLocal government -- Great Britain
999 _c412729
_d412729